000 00871cab a2200265 4500
001 WB2911-62
008 090401t1993 xxu||||| |||| 00| 0 eng d
035 _a(Sirsi) u72531
041 _aeng
245 _aThreats to PSA privatisation
260 _c1993
350 _a0
490 _aDaily Telegraph
_v15 March 1993, 4
490 _aIndependent
_v16 March 1993, 6
490 _aFinancial Times
_v16 March 1993, 13(2)
520 _aPSA privatisation has been thrown into confusion by allegations of fraud and tax evasion. The DoE has denied rumours that it is investigating a £20m fraud involving the PSA.
650 _aFRAUD
650 _aPRIVATISATION
650 _aPROPERTY SERVICES AGENCY
650 _aPUBLIC SECTOR
650 _aTAX EVASION
690 _aMANAGEMENT-BUSINESS MANAGEMENT-PROFESSIONAL PRACTICE
942 _n0
948 _c04/03/1997
999 _c45837
_d45837